| 000 | 00535nam a2200217 a 4500 | ||
|---|---|---|---|
| 999 |
_c4277 _d4277 |
||
| 001 | 4277 | ||
| 003 | BD-JhCC | ||
| 005 | 20171125192410.0 | ||
| 008 | 171125s e a|||| || | 000 0 eng d | ||
| 035 | _a(BD-JhCC)4277 | ||
| 040 |
_aBD-JhCC _dBD-JhCC |
||
| 041 | _aeng | ||
| 082 |
_a823.912 _bSTE |
||
| 100 | _aSteele, Grief | ||
| 245 |
_aThe Funeral / _cGrief Steele, |
||
| 260 |
_aLondon : _bBlackie & Son Limited, |
||
| 300 |
_a134 p. : _c19 cm. |
||
| 650 | _aDetective and Mystry Stories | ||
| 942 |
_2ddc _cBK |
||